000 00514nam a2200205Ia 4500
003 GCL
008 140319s9999 xx 000 0 eng d
040 _aGCL /
_cGCL
082 0 4 _a720.92
_bT
100 1 _aTAKEYAMA, MINORU
245 1 0 _aMINORU TAKEYAMA /
_cTAKEYAMA, MINORU
700 1 _aBOGNAR, BOTAND
260 _a[S.N] :
_bACADEMY EDITIONS ،
_c1995
300 _a128 P
650 0 4 _aARTS
650 0 4 _aARCHITECTURE
650 0 4 _aHISTORICAL GEOGRAPHY
650 0 4 _aTAKEYAMA, MINORU
942 _2ddc
_cBK
999 _c15705
_d15705